Bloodborne trivia - Statistics

General Stats
  • This quiz has been taken 220 times
  • The average score is 5 of 15
Answer Stats
Hint Answer % Correct
The First non-optional Boss Father Gascoigne
89%
Who to level up with The Doll
76%
Final boss of the DLC Orphan of kos
67%
The first hunter NPC you are likely to meet Eileen the Crow
53%
The lead Developer of Bloodborne Hidetaka Miyazaki
51%
Bloodborne's name while under development Project Beast
49%
Final boss of upper cathedral ward (full name) Ebrietas, Daughter of the Cosmos.
47%
Name of the first aggressive NPC Djura
25%
What item allows you access to the DLC Eye of a blood drunk hunter
25%
The only enemy that can access Yarhar'gul before Rom Snatchers
18%
The highest single-fire damage weapon in the game Ludwig's Holy Blade
13%
Name of the NPC who gives you the milkweed rune Adeline
12%
Max level achievable without cheats 544
10%
The area the chikage is found Forsaken castle Cainhurst
9%
Most common enemy in cathedral ward Church Doctors/Gravekeepers
5%
No matching quizzes found
Score Distribution
Percent of People with Each Score
Percentile by Number Answered
Your Score History
You have not taken this quiz